Cosmic rays, supernovae and the interstellar medium (Record no. 10976)

MARC details
000 -LEADER
fixed length control field 01148nam a2200265Ia 4500
003 - CONTROL NUMBER IDENTIFIER
control field IN-BaIIA
008 - FIXED-LENGTH DATA ELEMENTS--GENERAL INFORMATION
fixed length control field 211028s9999 xx 000 0 eng d
020 ## - INTERNATIONAL STANDARD BOOK NUMBER
International Standard Book Number 0-7923-1278-3
040 ## - CATALOGING SOURCE
Transcribing agency IIA Library
080 ## - UNIVERSAL DECIMAL CLASSIFICATION NUMBER
Universal Decimal Classification number 524.352(082.2)
Item number COS
111 ## - MAIN ENTRY--MEETING NAME
Meeting name or jurisdiction name as entry element NATO Advanced Study Institute Conference
Location of meeting Italy
Date of meeting or treaty signing 1990 July 26- Aug. 5
9 (RLIN) 18751
245 #0 - TITLE STATEMENT
Title Cosmic rays, supernovae and the interstellar medium
Remainder of title proceedings of the NATO Advanced Study Institute on Cosmic Rays, Supernovae, and the Interstellar Medium, Erice, Italy, July 26-August 5, 1990
Statement of responsibility, etc. edited by Maurice M. Shapiro, Rein Silberberg and John P. Wefel
260 ## - PUBLICATION, DISTRIBUTION, ETC.
Place of publication, distribution, etc. Dordrecht
Name of publisher, distributor, etc. Kluwer Academic
Date of publication, distribution, etc. 1991
300 ## - PHYSICAL DESCRIPTION
Extent ix, 350p.
490 ## - SERIES STATEMENT
Series statement NATO ASI series. Series C : mathematical and physical scienc
650 ## - SUBJECT ADDED ENTRY--TOPICAL TERM
Topical term or geographic name entry element Astronomy and astrophysics thesaurus
650 ## - SUBJECT ADDED ENTRY--TOPICAL TERM
Topical term or geographic name entry element Cosmic rays
650 ## - SUBJECT ADDED ENTRY--TOPICAL TERM
Topical term or geographic name entry element Interstellar medium
9 (RLIN) 3375
650 ## - SUBJECT ADDED ENTRY--TOPICAL TERM
Topical term or geographic name entry element Supernovae
700 ## - ADDED ENTRY--PERSONAL NAME
Personal name Shapiro, Maurice M., ed.
9 (RLIN) 13990
700 ## - ADDED ENTRY--PERSONAL NAME
Personal name Silberberg, Rein, ed.
9 (RLIN) 18752
700 ## - ADDED ENTRY--PERSONAL NAME
Personal name Wefel, John P., ed
9 (RLIN) 18753
710 ## - ADDED ENTRY--CORPORATE NAME
Corporate name or jurisdiction name as entry element NATO Advanced Study Institute
9 (RLIN) 5368
942 ## - ADDED ENTRY ELEMENTS (KOHA)
Koha item type Books
Holdings
Withdrawn status Lost status Damaged status Not for loan Home library Current library Shelving location Date acquired Total Checkouts Full call number Barcode Date last seen Date last checked out Price effective from Koha item type
        IIA Library-Bangalore IIA Library-Bangalore General Stacks 18/03/1994 1 524.352(082.2)/ COS 11889 26/04/2023 03/04/2023 18/03/1994 Books

Powered by Koha